Odtelesnené telo Marilyn Monroe pohľad mužov na ženy cez umenie

Bibliographic Details
Main Author: Lesser, Wendy (Author)
Other Authors: Štefánková, Mária, 1951- (Translator)
Format: Article
Language:Slovak
Subjects:

MARC

LEADER 00000nab a2200000 a 4500
001 vtls000662265
003 SK-MaSNL
005 20260303214203.0
008 180206c1998 xo 0 slo
015 |a SNBRB1998/05-14078 
035 |a CLN000014454 
040 |a SNKBUCL  |b slo  |c SNKBUCL  |e AACR2 
041 0 |a slo 
044 |a xo  |c SK 
080 |a 396:7  |2 UDC-MRF-SK2 
100 1 |a Lesser, Wendy  |4 aut  |9 1248901 
245 1 0 |a Odtelesnené telo Marilyn Monroe  |b pohľad mužov na ženy cez umenie  |c Wendy Lesser ; preložila Mária Štefánková 
650 0 7 |a feminizmus  |2 snkbucl  |9 4940 
650 0 7 |a ženy v umení  |2 snkbucl  |9 101925 
655 7 |a články z novín a časopisov  |2 snkbucl  |9 267496 
700 1 |a Štefánková, Mária,  |d 1951-  |4 trl  |9 86067 
773 0 |t Aspekt  |g Č. 1 (1998), s. 268-279 
850 |a Slovenská národná knižnica v Martine 
852 |a SNK  |b KIS3GCP 
958 |a RBX 
999 |c 2215820  |d 2217750